| 000 | 01153nam a2200253Ia 4500 | ||
|---|---|---|---|
| 003 | Ost | ||
| 005 | 20260507075242.0 | ||
| 008 | 260507s9999||||xx |||||||||||||| ||und|| | ||
| 040 | _cfsecg | ||
| 041 | _aara | ||
| 082 | _a330 | ||
| 100 |
_aالحاج، علي توفيق أحمد _eمؤلف |
||
| 245 | 0 |
_aتسويق الخدمات / _c علي توفيق أحمد الحاج |
|
| 260 |
_aعمان: _bدار الاعصار, _c2011 |
||
| 300 |
_a217 صفحة؛ _c24 سم |
||
| 520 | _aمقدمة في الترويج التجاري ، الترويج كعملية إتصال ، المفهوم الحديث لإدارة التسويق ،المزيج التسويقي للخدمات ، التدقيق التسويقي ، التسويق الفعال ، التسويق هو جودة الحياة ، استراتيجية الترويج ، التسويق الزراعي . | ||
| 653 | _aأدارة المبيعات | ||
| 653 | _aالترويج التجارة | ||
| 653 | _aالتسويق | ||
| 653 | _aالخدمات | ||
| 653 | _aالخدمات ــ تسويق | ||
| 700 |
_aمحمود، سمير حسين _eمؤلف ثانوي |
||
| 942 | _cكتاب | ||
| 999 |
_c43629 _d43629 |
||